MARC details
| 000 -BAŞLIK |
| Sabit Uzunlukta Kontrol Alanı |
01385na a2200361 4500 |
| 001 - KONTROL NUMARASI |
| Denetim Alanı |
18117 |
| 003 - KONTROL NUMARASI IDENTIFIER |
| Denetim Alanı |
MIRAKIL |
| 005 - SON İŞLEM TARİHİ VE ZAMANI |
| Denetim Alanı |
20181213155231.0 |
| 008 - SABİT-BOY VERİ ELEMANLARI - GENEL BİLGİLER |
| Sabit Uzunlukta Kontrol Alanı |
161111b tu 000 0 |
| 035 ## - SİSTEM KONTROL NUMARASI |
| Sistem Kontrol Numarası |
18117 |
| 040 ## - KATALOGLAMA KAYNAK |
| Orijinal Kataloglama Ajansı |
Milas |
| Kataloglama Dili |
tur |
| Metne Dönüştürmek Ajansı |
TR-AnCHP |
| 041 ## - DİL KODU |
| Metin / Ses Parça Veya Ayrı Başlığın Dil Kodu |
tur |
| 082 ## - DEWEY ONLU SINIFLANDIRMA NUMARASI |
| Sınıflandırma Numarası |
CHP 324.2372 |
| Ürün Numarası |
C36o 2010 |
| 090 ## - SINIFLAMA NUMARASI |
| Sınıflama Numarası |
CHP 324.2372 C36o 2010 |
| 111 ## - ANA GİRİŞ - TOPLANTI ADI |
| Giriş Elemanı Olarak Toplantı Adı Veya Yargı Alanı Adı |
CHP Olağanüstü Kurultayı |
| Toplantının Yeri |
Ankara |
| Toplantı Veya Antlaşma İmzalandığı Tarihi |
18 Aralık 2010 |
| Bölüm / Bölüm / Toplantı Sayısı |
15. |
| 222 ## - ANAHTAR ADI |
| Anahtar Başlık |
15. Olağanüstü Kurultay çalışma raporu |
| 245 ## - BAŞLIK TABLOSU |
| Başlık |
Çalışma raporu |
| Başlığın Kalan |
15. Olağanüstü Kurultay : 18 Aralık 2010/Ankara |
| Sorumluluk Tablosu, Vb |
Cumhuriyet Halk Partisi |
| 246 ## - UNVAN FORM VARYING |
| Başlık Doğru / Kısa Başlığı |
CHP 15. Olağanüstü Kurultayı |
| 246 ## - UNVAN FORM VARYING |
| Başlık Doğru / Kısa Başlığı |
15. Olağanüstü Kurultay : 18 Aralık 2010/Ankara |
| 260 ## - YAYIN, DAĞITIM, VB |
| Yayın, Dağıtım, Vb Yeri |
Ankara |
| Yayıncı, Dağıtıcı, Vs Adı |
CHP |
| Yayın, Dağıtım, Vb Tarihi |
2010 |
| 300 ## - FİZİKSEL TANIM |
| Kapsam |
242, [10] s. |
| Diğer Fiziksel Ayrıntıları |
rnkl. fotg. |
| Boyutlar |
29 sm. |
| 490 ## - SERİSİ TABLOSU |
| Seri Beyanı |
Cumhuriyet Halk Partisi yayınları |
| 500 ## - GENEL NOT |
| Genel Not |
Dış kapakta yapıt adı : 15. Olağanüstü Kurultay : 18 Aralık 2010/Ankara : Çalışma raporu |
| 610 ## - KONU KATMA GİRİŞ - TOPLANTI ADI |
| Giriş Elemanı Olarak Kurumsal Ad Veya Yargı Alanı Adı |
Cumhuriyet Halk Partisi |
| Genel Alt Bölüm |
Kurultaylar |
| Kronolojik Alt Bölüm |
Çalışma raporları |
| 610 ## - KONU KATMA GİRİŞ - TOPLANTI ADI |
| Giriş Elemanı Olarak Kurumsal Ad Veya Yargı Alanı Adı |
Cumhuriyet Halk Partisi |
| Genel Alt Bölüm |
Olağanüstü kurultaylar, 2010 |
| 651 ## - KONU KATMA GİRİŞ - COĞRAFİ ADI |
| Coğrafi İsim |
Türkiye |
| Genel Alt Bölümü |
Siyaset ve yönetim |
| Kronolojik Alt Bölümü |
2010-2014 |
| 740 ## - KATMA GİRİŞ - KONTROLSUZ İLGİLİ / ANALİTİK BAŞLIK |
| Kontrol Edilmeyen / İlgili Analitik Başlıktaki |
CHP 15. Olağanüstü Kurultayı |
| 740 ## - KATMA GİRİŞ - KONTROLSUZ İLGİLİ / ANALİTİK BAŞLIK |
| Kontrol Edilmeyen / İlgili Analitik Başlıktaki |
15. Olağanüstü Kurultay |
| 830 ## - SERİSİ EKLENDİ GİRİŞ - ÜNİFORM ADI |
| Üniforma Başlık |
CHP yayınları |
| 942 ## - EKLENDİ GİRİŞ ELEMANLARI (KOHA) |
| Sınıflandırma Veya Raf Düzeni Kaynak |
Dewey Decimal Classification |
| Koha Öğesi Türü |
Books |
| 999 ## - SİSTEM KONTROL NUMARALARI (KOHA) |
| Koha Biblionumber |
8984 |
| Koha Biblioitemnumber |
8984 |
| 657 ## - INDEX SÜRE - İŞLEVİ |
| -- |
CHP olağanüstü kurultayları |
| 657 ## - INDEX SÜRE - İŞLEVİ |
| -- |
CHP kurultayları |